000 01032cam a22003378a 4500
001 803795
003 ARRUPE
005 20141120020006.0
008 900108s1990 enk b 001 0 eng
010 _a 89005929
020 _a0415040450
020 _a0415041899 (pbk.)
035 _a(OCoLC)19354288
035 _a(OCoLC)ocm19354288
035 _a(CStRLIN)NYCG90-B1215
035 _a(NNC)803795
040 _dNNC
_ccbc
050 0 _aHB98
_b.S483 1989
082 0 _a330.15/7
_219
090 _aHB98
_b.S483 1990
100 1 _aShand, Alexander H.
_912106
245 1 0 _aFree market morality :
_bthe political economy of the Austrian school /
_cAlexander H. Shand.
260 _aLondon ;
_aNew York :
_bRoutledge,
_c1990.
263 _a8912
300 _ax, 228 p. ;
_c23 cm.
504 _aIncludes bibliographical references.
650 0 _aAustrian school of economics
_xMoral and ethical aspects.
_912107
650 0 _aCapitalism
_xMoral and ethical aspects.
_9966
942 _2lcc
_cMONOGRAPH
_01
999 _c121101
_d121101